|
|
|
|
| LEADER |
01413nam a2200361 a 4500 |
| 001 |
36683 |
| 003 |
BD-DhAAL |
| 005 |
20191125100649.0 |
| 008 |
191125t1984 maua b 001 0 eng |
| 999 |
|
|
|c 41898
|d 41898
|
| 010 |
|
|
|a 83018569
|
| 020 |
|
|
|a 0674364155 (alk. paper)
|
| 040 |
|
|
|a DLC
|c DLC
|d DLC
|d BD-DhAAL
|
| 050 |
0 |
0 |
|a HB501
|b .M317 1984
|
| 082 |
0 |
0 |
|a 330.122
|2 19
|
| 100 |
1 |
|
|a Marglin, Stephen A.
|9 37610
|
| 245 |
1 |
0 |
|a Growth, distribution, and prices /
|c Stephen A. Marglin.
|
| 260 |
|
|
|a Cambridge, Mass. :
|b Harvard University Press,
|c 1984.
|
| 300 |
|
|
|a x, 573 pages :
|b illustrations ;
|c 23 cm.
|
| 490 |
|
|
|a Harvard economic studies ;
|v v. 155
|
| 504 |
|
|
|a Includes bibliographical references (pages 548-560) and index.
|
| 526 |
|
|
|a ESS
|
| 541 |
|
|
|a Complimentary copy from Professor Dr. Nasreen Khundker.
|e 36683
|
| 650 |
|
0 |
|a Capitalism.
|9 37611
|
| 650 |
|
0 |
|a Economic development.
|9 37612
|
| 650 |
|
0 |
|a Distribution (Economic theory)
|9 37613
|
| 650 |
|
0 |
|a Prices.
|9 37614
|
| 650 |
|
0 |
|a Neoclassical school of economics.
|9 37615
|
| 650 |
|
0 |
|a Marxian economics.
|9 37616
|
| 650 |
|
0 |
|a Keynesian economics.
|9 37617
|
| 852 |
|
|
|a Ayesha Abed Library
|c General Stacks
|
| 942 |
|
|
|2 ddc
|c BK
|
| 952 |
|
|
|0 0
|1 0
|2 ddc
|4 0
|6 330_122000000000000_MAR
|7 0
|9 67282
|a BRACUL
|b BRACUL
|c GEN
|d 2019-11-25
|e Complimentary copy from Professor Dr. Nasreen Khundker.
|l 0
|o 330.122 MAR
|p 3010036683
|r 2019-11-25
|t 1
|w 2019-11-25
|y BK
|